Willard and Spackman's Occupational therapy / (رقم التسجيلة. 38443)

تفاصيل مارك
000 -الفاتح
حقل البيانات ثابتة الطول 01076cam a2200337 a 4500
001 - رقم الضبط
رقم الضبط 4697535
003 - محدد رقم الضبط
رقم الضبط OSt
005 - وقت وتاريخ اخر تعامل مع التسجيلة
رقم الضبط 20151013193116.0
008 - عناصر البيانات ثابتة الطول - معلومات عامة
حقل البيانات ثابتة الطول 820929s2014 paua b 001 0 eng
010 ## - رقم ضبط مكتبة الكونجرس
رقم ضبط مكتبة الكونجرس 82020352
020 ## - الرقم الدولى المعيارى للكتب
الرقم الدولى المعيارى للكتاب 9781451189070
040 ## - مصدر الفهرسة
وكالة الفهرسة الأصلية DLC
وكالة النسخ DLC
وكالة التعديل DLC
-- WaU
050 00 - رقم طلب مكتبة الكونجرس
رقم التصنيف RM735
رقم المادة .W54 1983
060 ## - رقم الطلب بالمكتبة الطبية الوطنية
رقم التصنيف WB 555 W692
082 00 - رقم تصنيف ديوى العشرى
رقم التصنيف 615.8515
رقم الطبعة 22
رقم المادة WIO
130 0# - المدخل الرئيسى - عنوان موحد
عنوان موحد Occupational therapy.
9 (RLIN) 52304
245 10 - بيان العنوان
العنوان Willard and Spackman's Occupational therapy /
بيان المسئوليه,etc edited by Helen L. Hopkins, Helen D. Smith.
250 ## - بيان الطبعة
بيان الطبعة 12th ed.
260 ## - PUBLICATION, DISTRIBUTION, ETC. (IMPRINT)
مكان الناشر او الموزع Philadelphia :
اسم الناشر او الموزع Lippincott,
تاريخ النشر أو التوزيع 2014.
300 ## - الوصف المادى
التعداد xvii, 947 p. :
تفاصيل ماديه اخرى للوعاء ill. ;
أبعاد الوعاء 28 cm.
504 ## - تبصرة ببليوجرافية
تبصرة ببليوجرافية,الخ Includes bibliographical references and index.
650 #0 - المدخل الاضافى بالموضوع-مصطلح موضوعى
مصطلح موضوعي أو اسم جغرافي كعنصر مدخل Occupational therapy.
9 (RLIN) 52304
650 #2 - المدخل الاضافى بالموضوع-مصطلح موضوعى
مصطلح موضوعي أو اسم جغرافي كعنصر مدخل Occupational therapy.
9 (RLIN) 52304
650 #2 - المدخل الاضافى بالموضوع-مصطلح موضوعى
مصطلح موضوعي أو اسم جغرافي كعنصر مدخل Rehabilitation.
9 (RLIN) 52305
700 1# - المدخل الاضافى - اسم شخصى
الإسم الشخصى Willard, Helen S.
9 (RLIN) 52306
700 1# - المدخل الاضافى - اسم شخصى
الإسم الشخصى Spackman, Clare S.
9 (RLIN) 52307
700 1# - المدخل الاضافى - اسم شخصى
الإسم الشخصى Hopkins, Helen L.
9 (RLIN) 52308
700 1# - المدخل الاضافى - اسم شخصى
الإسم الشخصى Smith, Helen D.
9 (RLIN) 52309
906 ## - عنصر بيانات محلى F, LDF (RLIN)
a 7
b cbc
c orignew
d 1
e ocip
f 19
g y-gencatlg
942 ## - عناصر المدخل الإضافي( كوها)
مصدر التصنيف او مخطط الترفيف Dewey Decimal Classification
Koha [default] item type كتاب
المقتنيات
حالة الفقد نموذج السعر الفعال حالة تلف ليس للاعارة رقم الطلب تاريخ الاكتساب الموقع الحالي الباركود الفرع الرئيسي Date last seen نوع المادة فى نظام كوها مصدر التصنيف او خطة الترفيف Total Checkouts
  2015-10-13     615.8515 WIO 2015-10-13 المكتبة المركزية بالمجمعة (CL) 00654235 المكتبة المركزية بالمجمعة (CL) 2015-10-13 كتاب Dewey Decimal Classification  
  2015-10-13     615.8515 WIO 2015-10-13 المكتبة المركزية بالمجمعة (CL) 00654236 المكتبة المركزية بالمجمعة (CL) 2015-10-13 كتاب Dewey Decimal Classification  
  2015-10-13     615.8515 WIO 2015-10-13 المكتبة المركزية بالمجمعة (CL) 00654237 المكتبة المركزية بالمجمعة (CL) 2015-10-13 كتاب Dewey Decimal Classification  
  2015-10-15     615.8515 WIO 2015-10-15 مكتبة كلية العلوم الطبية التطبيقية بالمجمعة - طالبات (AMF) 00654455 مكتبة كلية العلوم الطبية التطبيقية بالمجمعة - طالبات (AMF) 2015-10-15 كتاب Dewey Decimal Classification  
  2015-10-15     615.8515 WIO 2015-10-15 مكتبة كلية العلوم الطبية التطبيقية بالمجمعة - طالبات (AMF) 00654456 مكتبة كلية العلوم الطبية التطبيقية بالمجمعة - طالبات (AMF) 2018-04-30 كتاب Dewey Decimal Classification  
  2018-08-18     615.8515 WIO 2018-08-18 مكتبة مجمع الكليات بالزلفى - طلاب (SZM) 00657374 مكتبة مجمع الكليات بالزلفى - طلاب (SZM) 2018-08-18 كتاب Dewey Decimal Classification  
  2018-08-18     615.8515 WIO 2018-08-18 مكتبة مجمع الكليات بالزلفى - طلاب (SZM) 00657375 مكتبة مجمع الكليات بالزلفى - طلاب (SZM) 2018-08-18 كتاب Dewey Decimal Classification